every eredivisie winners - Statistics

General Stats
  • This quiz has been taken 41 times
  • The average score is 7 of 29
Answer Stats
Answer Hint % Correct
Ajax 36 times
100%
PSV 24 times
100%
Feyenoord 16 times
97%
AZ 2 times
83%
Sparta Rotterdam 6 times
66%
FC Twente 1 time
54%
ADO Den Haag 2 times
46%
NAC Breda 1 time
31%
Willem II 3 times
31%
Go Ahead Eagles 4 times
20%
Heracles Almelo 2 times
17%
DOS 1 time
14%
HVV 10 times
14%
DWS 1 time
9%
Quick 1 time
6%
De Volewijckers 1 time
3%
HBS 3 times
3%
HFC Haarlem 1 time
3%
Be Quick 1 time
0%
BVV 1 time
0%
EVV Eindhoven 1 time
0%
Koninklijke HFC 3 times
0%
Limburgia 1 time
0%
RAP 5 times
0%
Rapid JC 1 time
0%
RC&FC Concordia 1 time
0%
RCH 2 times
0%
SC Enschede 1 time
0%
SVV 1 time
0%
No matching quizzes found
Score Distribution
Percent of People with Each Score
Percentile by Number Answered
Your Score History
You have not taken this quiz